000
00268nam a2200121Ia 4500
100
_a
Moltgen/ G.
942
_c
BK
654
_a
Converter engineering
245
_a
Converter Engineering
260
_b
Wiley eastern
_a
New Delhi
_c
1990
546
_a
ENGLISH
999
_c
26887
_d
26887